<?xml version="1.0" encoding="UTF-8"?>
<record
    xmlns:xsi="http://www.w3.org/2001/XMLSchema-instance"
    xsi:schemaLocation="http://www.loc.gov/MARC21/slim http://www.loc.gov/standards/marcxml/schema/MARC21slim.xsd"
    xmlns="http://www.loc.gov/MARC21/slim">

  <leader>01331nam a22002057a 4500</leader>
  <controlfield tag="005">20211106094003.0</controlfield>
  <controlfield tag="008">211106b           ||||| |||| 00| 0 eng d</controlfield>
  <datafield tag="020" ind1=" " ind2=" ">
    <subfield code="a">8170491622</subfield>
  </datafield>
  <datafield tag="040" ind1=" " ind2=" ">
    <subfield code="c">AL</subfield>
  </datafield>
  <datafield tag="041" ind1=" " ind2=" ">
    <subfield code="a">eng</subfield>
  </datafield>
  <datafield tag="082" ind1=" " ind2=" ">
    <subfield code="2">23</subfield>
    <subfield code="a">954.6</subfield>
    <subfield code="b">SIRT</subfield>
  </datafield>
  <datafield tag="100" ind1=" " ind2=" ">
    <subfield code="a">Majid Siraj</subfield>
    <subfield code="9">9753</subfield>
  </datafield>
  <datafield tag="245" ind1=" " ind2=" ">
    <subfield code="a">Towards Peace in Jammu, Kashmir and Ladakh</subfield>
  </datafield>
  <datafield tag="260" ind1=" " ind2=" ">
    <subfield code="b">New Delhi</subfield>
    <subfield code="a">Manas Publications</subfield>
    <subfield code="c">2003</subfield>
  </datafield>
  <datafield tag="300" ind1=" " ind2=" ">
    <subfield code="a">212p.</subfield>
    <subfield code="b">HB</subfield>
    <subfield code="c">22x14 cm.</subfield>
  </datafield>
  <datafield tag="365" ind1=" " ind2=" ">
    <subfield code="b">795.00</subfield>
    <subfield code="c">&#x20B9;</subfield>
    <subfield code="d">795.00</subfield>
  </datafield>
  <datafield tag="520" ind1=" " ind2=" ">
    <subfield code="a">The Book Is A Unique Approach Not Only To Chronicle The Singularities Of The Complex Discord Ravaging This Beautiful Part Of The Sub-Continent But To Highlight The Ways Of Getting Out Of The Morass. Peace Making Is A Challenge But By Exploiting The Momentum In The Right Direction, A Ripple Effect Takes Over And The Goal Of An Ultimate Solution Can Be Achieved. Pakistan'S Sponsored Terrorism Is Prelude To Disorder &amp; Responsible For Inordinate Suffering. We Witness The Colossal Pain People In This Region Have Been Enduring For Many Years. Political Thinkers Have Come Out With Thought Provoking Views Which Conform With The Cause And Effect Basis Of The Dispute. The Book Invokes Strands Of Higher Politics And Philosophy. It Gives A Different And Unique Thought For The Politics In South Asia.</subfield>
  </datafield>
  <datafield tag="700" ind1=" " ind2=" ">
    <subfield code="a">SIRAJ (Majid) </subfield>
    <subfield code="9">9754</subfield>
  </datafield>
  <datafield tag="942" ind1=" " ind2=" ">
    <subfield code="2">ddc</subfield>
    <subfield code="c">GF</subfield>
  </datafield>
  <datafield tag="999" ind1=" " ind2=" ">
    <subfield code="c">220405</subfield>
    <subfield code="d">220405</subfield>
  </datafield>
  <datafield tag="952" ind1=" " ind2=" ">
    <subfield code="0">0</subfield>
    <subfield code="1">0</subfield>
    <subfield code="2">ddc</subfield>
    <subfield code="4">0</subfield>
    <subfield code="7">0</subfield>
    <subfield code="8">GEN</subfield>
    <subfield code="a">AL</subfield>
    <subfield code="b">AL</subfield>
    <subfield code="d">2013-03-24</subfield>
    <subfield code="l">0</subfield>
    <subfield code="o">954.6 SIRT</subfield>
    <subfield code="p">GF00511</subfield>
    <subfield code="r">2021-11-06 00:00:00</subfield>
    <subfield code="w">2021-11-06</subfield>
    <subfield code="y">GF</subfield>
  </datafield>
</record>
